Духови триа от български композитори (Запис номер 350143)
[ съкратено ]
| 000 -Лидер | |
|---|---|
| Контролно поле с фиксирана дължина | ncm a22 a 4500 |
| 003 - Код на организацията, давaща контролен номер | |
| Контролно поле | BLK |
| 005 - Дата и час на последна редакция | |
| Контролно поле | 20200612110306.0 |
| 008 - Елементи от данни с фиксирана дължина | |
| fixed length control field | 200331b bu |||||r|||| 00| 0 bu d |
| 040 ## - Източник на каталожния запис | |
| Идентификатор на билиотеката - собственик на записа | BLK |
| 041 ## - Код за език | |
| Код за езика на текст/звукозапис или на отделно заглавие | Български |
| Код за езика КДБФ | Български |
| 080 ## - УДК | |
| Текстов определител УДК | Трио за духови инструменти |
| УДК код - определител по УДК | 785.73:788 |
| УДК - код + определител | 785.73:788 |
| 139 ## - Редно поле | |
| Редна дума | Духови триа от български композитори |
| Авторски знак | Ду - Д 92 |
| 245 ## - Сведения за заглавието | |
| Заглавие | Духови триа от български композитори |
| Редно поле (дума) | състав. Костадин Чилев |
| Том | Ч. 2 |
| 260 ## - Област на издателските данни | |
| Място на издаване, разпространение и проч. | София |
| Година на издаване | 1987 |
| Име на издателя, разпространителя и проч. | Музика |
| 300 ## - Физическа характеристика | |
| Страници | 44 с. |
| Размери/Мащаб | 33 см |
| 380 ## - Жанр | |
| Жанр | Изкуство |
| 505 ## - Форматирана забележка | |
| Авторската отговорност | Марин Големинов |
| Заглавие | Триптих за флейта, обой и фагот |
| 505 ## - Форматирана забележка | |
| Авторската отговорност | Стефан Илиев |
| Заглавие | Трио за флейта, обой и фагот |
| 505 ## - Форматирана забележка | |
| Авторската отговорност | Вячеслав Кушев |
| Заглавие | Трио за флейта, кларинет и фагот |
| 650 #0 - Допълнително описание по предмет – тема | |
| 9 (RLIN) | 362982 |
| Основно описание – тема или топоним | Трио - духово |
| 700 ## - Други автори (авторска отговорност) | |
| 9 (RLIN) | 363240 |
| Лично име | Чилев, Костадин |
| Автороска отговорност (Описва отношението между автора и произведението) | състав. и ред. |
| 852 ## - Местоположение | |
| Форматна сигнатура | Цб М ІІ 9959 |
| Фондова буква | Хранилище |
| 999 ## - СИСТЕМНИ КОНТРОЛНИ НОМЕРА | |
| Koha biblionumber | 350143 |
| Koha biblioitemnumber | 350143 |
| 942 ## - АРТИКУЛИ | |
| Вид на библиотечния материал | Нотни издания |
| Скрит в OPAC | Не |
| Периодичен библиозапис | Да |
| 944 ## - СЪЗДАВАНЕ И РЕДАКЦИЯ на ЗАПИСА | |
| Създаване/Редакция | Създаване |
| Дата на регистрацията/редакция | 2020-06-12 |
| Служител, извършил регистрацията/редакцията | НР |
| Статус, дата на статуса | 2020-06-12 |
| Код за отписване | Код за изгубен артикул | Източник на класификационната схема | Код за повреда | Коз за рестрикции | Код за отдаване | Артикулен № | Име на библиотеката - собственик | Име на библиотеката, в която се намира в момента | Статус (Текущо местоположение) | Дата на вписване в системата | Местоположение - отдел | Цена в лева | Инвентарен номер | Систематично азбучна сигнатура | Баркод | Цена в евро | Служебен тип на артикула |
|---|---|---|---|---|---|---|---|---|---|---|---|---|---|---|---|---|---|
| Не е изгубен | Universal Decimal Classification | Не е повреден | без рестрикции | заемане за дома | 757494 | Регионална библиотека "Любен Каравелов" Русе | Регионална библиотека "Любен Каравелов" Русе | Отдел Изкуство - подръчен фонд | 2020-04-01 | Отдел Изкуство - подръчен фонд | 5.65 | 487334 | 788/Д 93 | 120000487334 | 2.89 | Книги | |
| Не е изгубен | Universal Decimal Classification | Не е повреден | само за читалня | ползва се в читалня | 776145 | Регионална библиотека "Любен Каравелов" Русе | Регионална библиотека "Любен Каравелов" Русе | Хранилище | 2020-06-12 | Хранилище | 5.65 | 486765 | Цб М ІІ 9959 | 900000017341 | 2.89 | Нотни издания |